000 00832nam0a2200265 4500
001 RU\NLR\ONL1\1621
005 20250806202933.0
035 _a(NLR Aleph) 009630379
090 _a20980
_c20980
100 _a20030618d1945 u y0rusy50 ca
101 0 _achm
102 _aRU
105 _ay |||||||||
200 1 _aАгитаторын блок-нотшо
_fВКП(б) Мар. обком. проп. ден агит. отд.
210 _aЙошкар-Ола
_cМаргиз
_d1945
215 _a30,[2] с.
_d14
541 1 _aБлокнот агитатора
_zrus
801 0 _aRU
_bNLR
_c20030618
_gPSBO
852 _aNLR
_bОНЛ
_jМар.л./1-237
942 _cBOOK
945 _aРоссийская национальная библиотека
980 _aNB
980 _aBV